<?xml version="1.0" encoding="UTF-8"?>
<record
    xmlns:xsi="http://www.w3.org/2001/XMLSchema-instance"
    xsi:schemaLocation="http://www.loc.gov/MARC21/slim http://www.loc.gov/standards/marcxml/schema/MARC21slim.xsd"
    xmlns="http://www.loc.gov/MARC21/slim">

  <leader>00733nam a2200169 a 4500</leader>
  <controlfield tag="001">000035110</controlfield>
  <controlfield tag="005">20200930074118.0</controlfield>
  <controlfield tag="008">111025s1896    sp            000 0 spa d</controlfield>
  <datafield tag="040" ind1=" " ind2=" ">
    <subfield code="a">DO-SdBNP</subfield>
    <subfield code="b">spa</subfield>
    <subfield code="c">BNPHU</subfield>
  </datafield>
  <datafield tag="100" ind1="1" ind2=" ">
    <subfield code="a">Limendoux, F&#xE9;lix,</subfield>
    <subfield code="d">[1870-1908]</subfield>
    <subfield code="9">60780</subfield>
  </datafield>
  <datafield tag="245" ind1="1" ind2="0">
    <subfield code="a">Charivari :</subfield>
    <subfield code="b">revista c&#xF3;mico-l&#xED;rica-fant&#xE1;stica, dividida en cinco cuadros, en prosa y verso /</subfield>
    <subfield code="c">Limendoux, L&#xF3;pez Mar&#xED;n ; m&#xFA;sica Mateo.</subfield>
  </datafield>
  <datafield tag="260" ind1=" " ind2=" ">
    <subfield code="a">Madrid :</subfield>
    <subfield code="b">R. Velasco, imp., Marqu&#xE9;s de Santa Ana,</subfield>
    <subfield code="c">1896.</subfield>
  </datafield>
  <datafield tag="300" ind1=" " ind2=" ">
    <subfield code="a">39 p. ;</subfield>
    <subfield code="c">20 cm.</subfield>
  </datafield>
  <datafield tag="500" ind1=" " ind2=" ">
    <subfield code="a">Representa por primera vez en el Teatro Romea la noche del 7 de septiembre de 1896.</subfield>
  </datafield>
  <datafield tag="700" ind1="1" ind2="2">
    <subfield code="a">L&#xF3;pez-Mar&#xED;n, Enrique,</subfield>
    <subfield code="d">[1868-1918]</subfield>
    <subfield code="9">60781</subfield>
  </datafield>
  <datafield tag="700" ind1="1" ind2="2">
    <subfield code="a">Mateos, Gregorio,</subfield>
    <subfield code="d">[1859-1910]</subfield>
    <subfield code="e">m&#xFA;s.</subfield>
    <subfield code="9">60782</subfield>
  </datafield>
  <datafield tag="952" ind1=" " ind2=" ">
    <subfield code="0">0</subfield>
    <subfield code="1">0</subfield>
    <subfield code="5">0</subfield>
    <subfield code="7">1</subfield>
    <subfield code="8">MO</subfield>
    <subfield code="a">GR</subfield>
    <subfield code="b">GR</subfield>
    <subfield code="c">CT</subfield>
    <subfield code="d">2011-10-25</subfield>
    <subfield code="i">LF1</subfield>
    <subfield code="l">0</subfield>
    <subfield code="o"> </subfield>
    <subfield code="p">35110-10</subfield>
    <subfield code="r">2020-06-25</subfield>
    <subfield code="w">2020-06-25</subfield>
    <subfield code="y">1</subfield>
    <subfield code="Z">No se presta</subfield>
  </datafield>
  <datafield tag="999" ind1=" " ind2=" ">
    <subfield code="c">34601</subfield>
    <subfield code="d">34601</subfield>
  </datafield>
</record>
